000
00226 a2200097 4500
001
51378
100
_a
Metcalfe F
245
_a
Heat Engines & Applied Heat for Student
260
_a
London
_b
Cassell
_c
090
_c
32568
_d
32568
942
_a
NUST-CAE
_c
M
_c
25078
999
_c
286451
_d
286451